Developmental personnel (Record no. 515137)

000 -LEADER
fixed length control field 00331nam a22000977a 4500
082 ## - DEWEY DECIMAL CLASSIFICATION NUMBER
Classification number TNC K M983
100 ## - MAIN ENTRY--PERSONAL NAME
Personal name Muthayya,B.C. and i. Gananakannan
9 (RLIN) 20272
245 ## - TITLE STATEMENT
Title Developmental personnel
Remainder of title A psycho-social study across three states in India
Statement of responsibility, etc By B.C. Muthayya and I. Gananakannan
260 ## - PUBLICATION, DISTRIBUTION, ETC. (IMPRINT)
Place of publication, distribution, etc Hyderabad
Name of publisher, distributor, etc NICD
Date of publication, distribution, etc 1973
300 ## - PHYSICAL DESCRIPTION
Extent 185P.
Holdings
Withdrawn status Lost status Source of classification or shelving scheme Damaged status Koha normalized classification for sorting Not for loan Permanent location Current location Date acquired Full call number Barcode Date last seen Price effective from Koha item type
        TNC_K_M983   Indian Institute of Public Administration Indian Institute of Public Administration 2021-01-12 TNC K M983 Gr22268 2021-01-12 2021-01-12 Book

Powered by Koha